[Event "Gibraltar Amateur op-B"]
[Site "Caleta"]
[Date "2018.01.30"]
[Round "4"]
[White "Lohia, Sohum"]
[Black "Webel, Peter"]
[Result "1/2-1/2"]
[WhiteElo "1460"]
[BlackElo "1853"]
[PlyCount "45"]
[EventDate "2018.01.27"]
[EventType "swiss"]
[EventRounds "5"]
[EventCountry "GGB"]
[SourceTitle "EXT 2019"]
[Source "ChessBase"]
[SourceDate "2018.10.10"]
[SourceVersion "1"]
[SourceVersionDate "2018.10.10"]
[SourceQuality "1"]

1. e4 c5 2. c3 b6 3. d4 Bb7 4. Bd3 Nf6 5. d5 c4 6. Bc2 e6 7. dxe6 dxe6 8. Qxd8+ Kxd8 9. Bg5 h6 10. Bxf6+ gxf6 11. Nd2 Rg8 12. g3 f5 13. 0-0-0 Kc7 14. Ngf3 fxe4 15. Bxe4 Bxe4 16. Nxe4 Nd7 17. Rd4 b5 18. Rhd1 Nb6 19. Nf6 Rg6 20. Nd7 Nd5 21. Nxf8 Rxf8 22. Ne5 Rg7 23. f4 1/2-1/2